| 000 | 01887nam a2200313Ia 4500 | ||
|---|---|---|---|
| 999 |
_c55093 _d55093 |
||
| 001 | 22168 | ||
| 003 | GE_BSU | ||
| 005 | 20220609171115.0 | ||
| 008 | 181216s ||||ge |||||||||||||| ||geo|| | ||
| 020 | _a9789941462603 | ||
| 040 | _cGE_BSU | ||
| 041 | _ageo | ||
| 080 | _a81'27+004 ხ-20 | ||
| 100 |
_aხალვაში, რამაზ _92151 |
||
| 245 |
_aდიგიტალური ჰუმანიტარიის შესავალი / _cრამაზ ხალვაში ; რედ. მანანა თანდაშვილი. |
||
| 264 |
_aბათუმი : _bშოთა რუსთაველის უნიტის გამ-ბა, _c2018. |
||
| 300 |
_a211გვ. ; _c21სმ. |
||
| 500 | _aდიგიტალური (ციფრული) ჰუმანიტარია ახალი დარგია, რომელიც წარმოიქმნა კომპიუტერული ტექნოლოგიებისა და ჰუმანიტარული კვლევების სინთეზის შედეგად | ||
| 501 | _aდანართი გვ. : 173-211 | ||
| 504 | _aგამოყენებული ლიტერატურა გვ. 186 | ||
| 541 | _h15ლ.99თ. | ||
| 653 | _aდიგიტალური ჰუმანიტარიის შესავალი | ||
| 653 | _aკომპიუტერული ტექნოლოგიები | ||
| 653 | _aლინგვისტიკა | ||
| 653 | _aენათმეცნიერება | ||
| 700 |
_aთანდაშვილი, მანანა _eრედაქტორი _92139 |
||
| 710 |
_aბათუმის შოთა რუსთაველის სახელმწიფო უნივერსიტეტი _914028 |
||
| 942 |
_cBK _2udc |
||